| 000 | 00000nam##2200000za#4500 |
| 001 | 9.699427 |
| 003 | CaOODSP |
| 005 | 20210625000357 |
| 007 | cr ||||||||||| |
| 008 | 150407|2006||||xxc|||||o f|0| 0 eng|d |
| 040 | |aCaOODSP|beng |
| 043 | |an-cn--- |
| 086 | 1 |aH164-173/2006E-PDF |
| 110 | 1 |aCanada. |bHealth Products and Food Branch. |
| 245 | 10|aBlueprint for renewal : |h[electronic resource]|btransforming Canada's approach to regulating health products and food |
| 260 | |aOttawa - Ontario : |bHealth Canada. |cOctober 2006. |
| 300 | |a51p.|bfig., glossary, photographs |
| 500 | |a"For discussion purposes only"--Cover. |
| 590 | |a14-13-Supp|b2014-06-23 |
| 690 | 07|aHealth care products|2gcpds |
| 690 | 07|aProgram review|2gcpds |
| 690 | 07|aRegulatory agencies|2gcpds |
| 775 | 08|tPlan de renouveau : |w(CaOODSP)9.643477 |
| 856 | 40|ahttp://publications.gc.ca|qPDF|s429 KB|uhttps://publications.gc.ca/collections/collection_2014/sc-hc/H164-173-2006-eng.pdf |